<?xml version="1.0" encoding="UTF-8"?>
<record
    xmlns:xsi="http://www.w3.org/2001/XMLSchema-instance"
    xsi:schemaLocation="http://www.loc.gov/MARC21/slim http://www.loc.gov/standards/marcxml/schema/MARC21slim.xsd"
    xmlns="http://www.loc.gov/MARC21/slim">

  <leader>01212nab a2200217 i 4500</leader>
  <controlfield tag="001">BPP</controlfield>
  <controlfield tag="003">BPK</controlfield>
  <controlfield tag="005">20180502130953.0</controlfield>
  <controlfield tag="008">140425s1987    pl     f     |000 0 pol</controlfield>
  <datafield tag="040" ind1=" " ind2=" ">
    <subfield code="c">BPK</subfield>
  </datafield>
  <datafield tag="080" ind1=" " ind2=" ">
    <subfield code="a">621.921</subfield>
  </datafield>
  <datafield tag="100" ind1=" " ind2=" ">
    <subfield code="a">WO&#x179;NIAK, Kazimierz.</subfield>
    <subfield code="d">1980 - 1989.</subfield>
    <subfield code="b">Wy&#x17C;sza Szko&#x142;a In&#x17C;ynierska w Koszalinie - Wydzia&#x142; Mechaniczny,</subfield>
    <subfield code="c">Zak&#x142;ad Materia&#x142;oznawstwa i Obr&#xF3;bki Cieplnej</subfield>
  </datafield>
  <datafield tag="245" ind1=" " ind2=" ">
    <subfield code="a">Badania nad zapyleniem ziaren &#x15B;ciernych /</subfield>
    <subfield code="c">Kazimierz Wo&#x17A;niak, Daniela Herman.</subfield>
  </datafield>
  <datafield tag="260" ind1=" " ind2=" ">
    <subfield code="c">1987.</subfield>
  </datafield>
  <datafield tag="500" ind1=" " ind2=" ">
    <subfield code="a">Dane z autopsji.</subfield>
  </datafield>
  <datafield tag="520" ind1=" " ind2=" ">
    <subfield code="a">Przedstawione badania stanowi&#x105; wst&#x119;pn&#x105; pr&#xF3;b&#x119; oceny problemu zapylenia ziaren &#x15B;ciernych i wp&#x142;ywu tego zapylenia na w&#x142;a&#x15B;ciwo&#x15B;ci ziaren. Uzyskane wyniki bada&#x144; wskazuj&#x105;, &#x17C;e chc&#x105;c zapewni&#x107; stabilno&#x15B;&#x107; jako&#x15B;ci materia&#x142;&#xF3;w &#x15B;ciernych i jako&#x15B;ci produkowanych z nich wyrob&#xF3;w nale&#x17C;a&#x142;oby ograniczy&#x107; zawarto&#x15B;&#x107; py&#x142;&#xF3;w do &#x15B;ci&#x15B;le okre&#x15B;lonych warto&#x15B;ci.</subfield>
  </datafield>
  <datafield tag="650" ind1=" " ind2="0">
    <subfield code="a">Materia&#x142;y &#x15B;cierne.</subfield>
  </datafield>
  <datafield tag="700" ind1=" " ind2=" ">
    <subfield code="a">HERMAN, Daniela.</subfield>
    <subfield code="d">1974 - 1996.</subfield>
    <subfield code="b">Wy&#x17C;sza Szko&#x142;a In&#x17C;ynierska w Koszalinie - Wydzia&#x142; Mechaniczny,</subfield>
    <subfield code="c">Zak&#x142;ad Elektrotechniki i Elektrochemii</subfield>
  </datafield>
  <datafield tag="773" ind1=" " ind2=" ">
    <subfield code="i">W :</subfield>
    <subfield code="t">Szk&#x142;o i Ceramika. -</subfield>
    <subfield code="g">1987, R. 38, nr 2, s. 57-62</subfield>
  </datafield>
  <datafield tag="942" ind1=" " ind2=" ">
    <subfield code="c">ART</subfield>
    <subfield code="2">UKD</subfield>
  </datafield>
  <datafield tag="999" ind1=" " ind2=" ">
    <subfield code="c">3202</subfield>
    <subfield code="d">3202</subfield>
  </datafield>
  <datafield tag="952" ind1=" " ind2=" ">
    <subfield code="0">0</subfield>
    <subfield code="1">0</subfield>
    <subfield code="4">0</subfield>
    <subfield code="7">0</subfield>
    <subfield code="a">BPK</subfield>
    <subfield code="b">BPK</subfield>
    <subfield code="o">0312</subfield>
    <subfield code="y">ART</subfield>
  </datafield>
</record>
